Podział Analityczny Kationów - Statystyki

Ogólne statystyki
  • Ten quiz został rozwiązany 127 razy
    99 od ostatniego zresetowania
  • Średni wynik to 19 z 28
Statystyki odpowiedzi
Grupa % Poprawnych
Hg2+
89%
Cu2+
85%
Hg2 2+
81%
Pb2+
81%
Ag+
78%
K+
78%
Sn2+
74%
Al3+
70%
Fe2+
70%
Fe3+
70%
Na+
70%
Sn4+
70%
As3+
67%
As5+
67%
NH4+
67%
Sb3+
67%
Mg2+
63%
Sb5+
63%
Cd2+
59%
Co2+
59%
Ba2+
56%
Bi3+
56%
Ca2+
56%
Sr2+
56%
Zn2+
56%
Cr3+
52%
Mn2+
52%
Ni2+
44%
Nie znaleziono quizów pasujących do podanych kryteriów
Rozkład punktacji
Procent ludzi z każdym wynikiem
Percentyl według liczby udzielonych odpowiedzi
Twoja historia wyników
Nie rozwiązałeś tego quizu od ostatniego zresetowania